Sports Quiz

Random Sports or NFL Quiz

NFL Top 100 Receivers of All Time Quiz Stats

 Plays Quiz not verified by Sporcle

Challenge
Share
Tweet
Embed
Score 0/100 Timer 15:00
0 Plays Today
Yards Receiver % Correct
22,895Jerry Rice
99.5%
14,858*Randy Moss
96.4%
15,934*Terrell Owens
95.8%
8,558*Santana Moss
94.7%
14,580Marvin Harrison
93.3%
10,571Keyshawn Johnson
90.2%
9,164*Andre Johnson
90.2%
15,208Isaac Bruce
89.1%
14,934Tim Brown
88.6%
12,287Jimmy Smith
88.2%
8,884*Steve Smith
88.1%
11,389Rod Smith
87.9%
7,918Jackie Smith
87.2%
13,382Torry Holt
87.2%
10,748*Reggie Wayne
84%
13,899Chris Carter
82.4%
7,733Anthony Carter
81.2%
8,204*Larry Fitzgerald
79.1%
11,904Michael Irvin
79%
12,463*Tony Gonzalez
78.3%
11,702*Hines Ward
78.3%
13,089Steve Largent
76.2%
13,198Andre Reed
74.2%
9,615*Donald Driver
74.1%
10,372Harold Jackson
72.2%
10,060Shannon Sharpe
70.1%
8,134Sterling Sharpe
69.8%
8,357*Anquan Boldin
66.7%
12,721Art Monk
66.4%
11,891*Derrick Mason
65.7%
8,974Mark Clayton
59.2%
9,497Amani Toomer
58.9%
11,438Muhsin Muhammad
58%
10,856Gary Clark
56.7%
Yards Receiver % Correct
14,004James Lofton
56.1%
8,723John Stallworth
55%
10,950*Joey Galloway
54.1%
9,174Herman Moore
53.9%
9,368Rob Moore
53.8%
7,845Plaxico Burress
53.7%
7,546Nat Moore
53.7%
12,785Irving Fryar
53.4%
10,783*Chad Ochocinco
53.2%
11,373Keenan McCardell
53.1%
7,306Otis Taylor
53%
9,110Charley Taylor
52.9%
8,744Joe Horn
52.7%
8,869Mark Duper
52.3%
10,205Andre Rison
52%
9,995Eric Moulds
48.3%
8,965Roy Green
48.1%
8,685Cliff Branch
47.2%
10,266Lance Alworth
46.3%
8,306Wesley Walker
44.5%
13,777Henry Ellard
44%
9,831Drew Hill
42.3%
7,988Tony Hill
42.2%
7,648*Chris Chambers
41.8%
8,609Laveranues Coles
41.7%
8,974Fred Biletnikoff
40.1%
11,834Don Maynard
39.3%
8,823Terry Glenn
39.2%
12,146Charlie Joiner
38.9%
8,985Harold Carmichael
38.4%
7,991Don Hutson
37.9%
7,980Ozzie Newsome
37.7%
9,275Raymond Berry
35.3%
7,822Drew Pearson
34.7%
Yards Receiver % Correct
10,716Stanley Morgan
32.6%
9,148Anthony Miller
32.6%
7,539Roy Jefferson
31.9%
9,065Tony Martin
30.8%
8,565Paul Warfield
30.6%
8,215Eric Martin
30.6%
7,422Ed McCaffrey
30.2%
8,809Terance Mathis
30.1%
7,365Wayne Chrebet
29.5%
8,001Bill Brooks
28.2%
7,414Bob Hayes
25.8%
8,345Eddie Kennison
24.7%
8,966Wes Chandler
23%
8,215Ernest Givins
22.4%
8,111Webster Slaughter
20.6%
8,230Curtis Conway
20.3%
7,954Bobby Mitchell
20.3%
7,751Bobby Engram
20%
8,878Ricky Proehl
19.6%
8,719Johnnie Morton
19.3%
8,763Mark Carrier
16.2%
8,172Jeff Graham
15.5%
8,410Tommy McDonald
12.1%
7,620Brian Blades
11.8%
7,270Boyd Dowler
9.6%
8,277Carroll Dale
7.2%
8,046Art Powell
6.5%
8,091Haven Moses
5.7%
7,914Jimmy Orr
4.7%
7,538Gary Garrison
4.7%
7,412Pete Retzlaff
3.7%
8,459Billy Howton
2.3%

You're not logged in!

Compare scores with friends on all Sporcle quizzes.
Join for Free
OR
Log In

You Might Also Like...

Show Comments

Extras

Top Quizzes Today


Score Distribution

Your Account Isn't Verified!

In order to create a playlist on Sporcle, you need to verify the email address you used during registration. Go to your Sporcle Settings to finish the process.

Report this User

Report this user for behavior that violates our Community Guidelines.

Details: